00637nam a22002177a 450000500170000001000130001702000220003003500130005203700160006504000120008108200180009310000210011124500920013226000330022427000320025730000260028950000210031565000410033665000230037770000190040020170124110241.0 aA-216245 c00.00a0907408087 aA-216245 bCen Lib/Ret aDPLbEN a635.9703bGAU aGault, S. Millar aThe dictionary of shrubs in colour /cby S. Millar Gault ; illustrated by C.D. Brickell bLondonaPeerage Books c1983 bLondona59 Grosvenor Street a208p.c30cm(Hb)bill. ainlcludes index  a Ornamental shrubs -- Dictionaries.  a Ornamental shrubs aBrickell, C.D.